Najpopularniejsze piosenki w danym miesiącu 2010-2024 - Statystyki

Ogólne statystyki
  • Ten quiz został rozwiązany 52 razy
  • Średni wynik to 39 z 371
Statystyki odpowiedzi
Miesiąc Odpowiedź % Poprawnych
2010 | 2011 | 2012 | +12 others .
100%
Despacito
41%
Bad Romance
28%
Rolling In The Deep
28%
Blank Space
25%
Blinding Lights
25%
Diamonds
25%
Hello
25%
Call Me Maybe
22%
Shake It Off
22%
Someone Like You
22%
Sorry
22%
Tik Tok
22%
Uptown Funk
22%
Waka Waka
22%
APT.
19%
Die With A Smile
19%
Only Girl
19%
Bad Guy
16%
Maj B.O.B, Bruno Mars
16%
Marzec | Październik | Styczeń Bruno Mars
16%
Styczeń Bruno Mars, Cardi B
16%
California Gurls
16%
E.T
16%
Firework
16%
Houdini
16%
Marzec Lady Gaga, Beyonce
16%
Sierpień Lady Gaga, Bruno Mars
16%
Love The Way You Lie
16%
Styczeń Mark Ronson, Bruno Mars
16%
Roar
16%
Październik Rose, Bruno Mars
16%
Shape Of You
16%
Stay
16%
Thank You Next
16%
Wrecking Ball
16%
7 Rings
13%
Listopad Calvin Harris, Rihanna
13%
Lipiec DJ Khaled, Rihanna
13%
Kwiecień Doja Cat, SZA
13%
Grudzień | Sierpień Eminem, Rihanna
13%
Espresso
13%
Flowers
13%
Havana
13%
Grudzień | Kwiecień | Lipiec | +2 others Katy Perry
13%
Luty Katy Perry, Juicy J
13%
Lipiec Katy Perry, Snoop Dogg
13%
Styczeń Kesha
13%
Luty | Marzec Lady Gaga
13%
Czerwiec Lady Gaga, Ariana Grande
13%
Listopad Lady Gaga,Bradley Cooper
13%
Love Yourself
13%
New Rules
13%
Perfect
13%
Październik Post Malone, Doja Cat
13%
Grudzień | Kwiecień | Listopad Rihanna
13%
Marzec Rihanna, Drake
13%
See You Again
13%
Czerwiec Shakira
13%
Shallow
13%
Sugar
13%
Grudzień | Wrzesień Taylor Swift
13%
Luty | Marzec | Sierpień The Weeknd
13%
Październik The Weeknd, Daft Punk
13%
Timber
13%
Listopad | Maj | Październik Adele
9%
Grudzień | Luty | Maj | +2 others Ariana Grande
9%
Czerwiec Ariana Grande, Iggy Azalea
9%
As It Was
9%
Can't Hold Us
9%
Dark Horse
9%
Die For You
9%
Maj | Wrzesień Doja Cat
9%
Lipiec | Luty | Maj | Październik Drake
9%
Drivers License
9%
Czerwiec | Grudzień | Sierpień | Styczeń Dua Lipa
9%
Kwiecień Dua Lipa, Calvin Harris
9%
Lipiec Ed Sheeran, Justin Bieber
9%
Czerwiec Eminem
9%
Czerwiec Future, Drake
9%
Gangam Style
9%
Get Lucky
9%
Grenade
9%
Happy
9%
Maj Iggy Azalea, Charli XCX
9%
Just The Way You Are
9%
Rain On Me
9%
Lipiec Rude
9%
Rude Boy
9%
Somebody That I Used To Know
9%
Starboy
9%
Kwiecień SZA
9%
Telephone
9%
Wake Me Up
9%
Watermelon Sugar
9%
We Can't Be Friends
9%
We Found Love
9%
Without Me
9%
Work
9%
7 Years
6%
All About That Bass
6%
All Of Me
6%
Anti-Hero
6%
Birds Of A Feather
6%
Wrzesień Blackpink
6%
Born This Way
6%
Maj | Październik BTS
6%
Wrzesień Calvin Harris, Sam Smith
6%
Maj Charlie Puth, Wiz Khalifa
6%
Czerwiec Daft Punk, Pharrell Williams
6%
Czerwiec Demi Lovato, Clean Bandit
6%
Maj DJ Khaled, Justin Bieber
6%
Grudzień | Listopad | Luty Ed Sheeran
6%
Fancy
6%
Give Me Everything
6%
Kwiecień | Sierpień Harry Styles
6%
Kwiecień John Legend
6%
Grudzień | Styczeń | Wrzesień Justin Bieber
6%
Kiss Me More
6%
Last Friday Night
6%
Levitating
6%
Locked Out Of Heaven
6%
Look What You Made Me Do
6%
Love Me Like You Do
6%
Maj Maroon 5, Wiz Khalifa
6%
Październik | Styczeń Miley Cyrus
6%
No Tears Left To Cry
6%
Nothin' On You
6%
Not Like Us
6%
Lipiec | Październik | Styczeń Olivia Rodrigo
6%
One Dance
6%
One Kiss
6%
Party Rock Anthem
6%
Kwiecień P!nk, Nate Ruess
6%
Positions
6%
Problem
6%
Rockstar
6%
Royals
6%
Sierpień Sam Smith
6%
Listopad Sam Smith, Kim Petras
6%
Save Your Tears
6%
Say So
6%
Senorita
6%
SOLO
6%
Stay With me
6%
Sunflower
6%
Sierpień The Kid Laroi, Justin Bieber
6%
Thinking Out Loud
6%
WAP
6%
We Are Young
6%
What Do You Mean
6%
When I Was Your Man
6%
Yes, And
6%
24k Magic
3%
Anne Marie, Sean Paul
3%
Bad Habit
3%
Czerwiec | Lipiec | Wrzesień Billie Eilish
3%
Black Beatles
3%
Blurred Lines
3%
Listopad Camila Cabello
3%
Wrzesień Cardi B, Meghan Thee Stallion
3%
Closer
3%
Lipiec Dababy, Roddy Rich
3%
Dance Monkey
3%
Dynamite
3%
Finesse
3%
First Class
3%
Sierpień | Styczeń Flo Rida
3%
God's Plan
3%
Good 4 U
3%
Good Feeling
3%
Marzec Halsey
3%
Hotline Bling
3%
Industry Baby
3%
Maj Jack Harlow
3%
Maj Jonas Brothers
3%
Just Give Me A Reason
3%
Czerwiec Justin Timberlake
3%
Maj Kendrick Lamar
3%
Kill Bill
3%
Lean On
3%
Kwiecień | Marzec Lil Nas X
3%
Październik Lil Nas X, Jack Harlow
3%
Grudzień | Lipiec LMFAO
3%
Listopad Lorde
3%
Luty | Maj Macklemore, Ryan Lewis
3%
Montero
3%
Moves Like Jagger
3%
Paint The Town Red
3%
Payphone
3%
Marzec Pharrell Williams
3%
Pillowtalk
3%
Czerwiec Pitbull, Ne-Yo
3%
Listopad | Marzec Post Malone
3%
Październik Post Malone, 21 Savage
3%
Styczeń Post Malone, Swae Lee
3%
Price Tag
3%
Październik PSY
3%
Grudzień Rae Sremmurd, Gucci Name
3%
Listopad Rockabye
3%
Kwiecień | Wrzesień Sabrina Carpenter
3%
Sexy And I Know It
3%
Luty Sia, David Guetta
3%
Sierpień Steve Lacy
3%
Sucker
3%
Take Me To Church
3%
Listopad Tate McRae
3%
Sierpień Teddy Swims
3%
Teenage Dream
3%
That's What I Like
3%
Wrzesień The Chainsmokers
3%
Kwiecień The Chainsmokers, Coldplay
3%
Thrift Shop
3%
Unholy
3%
Vampire
3%
We Are Never Getting Back Together
3%
Whistle
3%
Wide Awake
3%
Wild Thoughts
3%
Luty Zayn
3%
Listopad 24k Golden
0%
ABCDEFU
0%
Sierpień Avicii
0%
Beautiful Things
0%
Luty Benson Boone
0%
Butter
0%
Sierpień Camila Cabello, Shawn Mendes
0%
Can't Fell My Face
0%
Can't Stop Your Feeling
0%
Czerwiec Carly Rae Jepsen
0%
Cheap Thrills
0%
Cheerleader
0%
Circles
0%
Cuoid
0%
Czerwiec Dj Snake, Major Lazer
0%
Don't Let Me Down
0%
Don't Start Now
0%
Easy On Me
0%
Ella Baila Sola
0%
Marzec Ellie Goulding
0%
Luty Encanto
0%
Maj Eslabon Armado
0%
Luty Fifty Fifty
0%
Marzec Fun
0%
Styczeń Gayle
0%
Girls Like You
0%
Marzec Glass Animals
0%
Kwiecień Gotye, Kimbra
0%
Greedy
0%
Happier
0%
Happier Than Ever
0%
Heat Waves
0%
Luty Hozier
0%
I Don't Care
0%
I Like You
0%
I'm The One
0%
In My Feelings
0%
Luty Jessie J
0%
Lipiec Kate Bush
0%
Last Night
0%
Wrzesień Lewis Capaldi
0%
Grudzień Lisa
0%
Logical
0%
Lose Control
0%
Czerwiec Luis Fonsi, Daddy Yankee
0%
Kwiecień Lukas Graham
0%
Magic!
0%
Grudzień | Kwiecień | Listopad | +2 others Maroon 5
0%
Październik Marshmello, Bastille
0%
Październik Meghan Trainor
0%
Memories
0%
Money
0%
Mood
0%
Czerwiec Morgan Wallen
0%
Old Town Road
0%
Lipiec OMI
0%
One More Night
0%
Pink Venom
0%
Styczeń Pitbull, Kesha
0%
Promises
0%
Psycho
0%
Lipiec Robin Thicke, Pharrell Williams
0%
Luty Roddy Rich
0%
Roses
0%
Running Up That Hill
0%
Kwiecień Saint Jhn, Imanbek
0%
Sierpień Sia
0%
Someone You Loved
0%
Something Just Like This
0%
Taste
0%
The Box
0%
Lipiec The Chainsmokers, Daya
0%
The Monsters
0%
Titanium
0%
Październik Tones And I
0%
Wait For U
0%
We Don't Talk About Bruno
0%
Nie znaleziono quizów pasujących do podanych kryteriów
Rozkład punktacji
Procent ludzi z każdym wynikiem
Percentyl według liczby udzielonych odpowiedzi
Twoja historia wyników
Nie rozwiązałeś tego quizu